साहेब (Record no. 394209)

MARC details
000 -LEADER
fixed length control field 00414nam a2200169Ia 4500
008 - FIXED-LENGTH DATA ELEMENTS--GENERAL INFORMATION
fixed length control field 100122s9999 xx 000 0 und d
082 ## - DEWEY DECIMAL CLASSIFICATION NUMBER
Item number 77214
Classification number 808.8
100 ## - MAIN ENTRY--PERSONAL NAME
Personal name ठाकरे बाळ
245 ## - TITLE STATEMENT
Title साहेब
250 ## - EDITION STATEMENT
Edition statement 1
260 ## - PUBLICATION, DISTRIBUTION, ETC. (IMPRINT)
Date of publication, distribution, etc 2009
300 ## - PHYSICAL DESCRIPTION
Extent 160
630 ## - SUBJECT ADDED ENTRY--UNIFORM TITLE
Uniform title साहेब
700 ## - ADDED ENTRY--PERSONAL NAME
Personal name ठाकूर योगेंद्र
730 ## - ADDED ENTRY--UNIFORM TITLE
Uniform title साहेब
942 ## - ADDED ENTRY ELEMENTS (KOHA)
Koha item type Book

No items available.